000 00953cam a22002898a 4500
001 17552909
003 OSt
005 20160726172023.0
008 121205s2013 nyu b 001 0 eng
010 _a 2012048764
020 _a0838514340
035 _a(DNLM)101597214
040 _aDNLM/DLC
_cDLC
042 _apcc
082 _aWB 141
_bC762 1991
245 0 0 _aCurrent medical diagnosis & treatment /
_cedited by Steven A. Schroeder ... [et al.].
250 _a30th.ed
260 _aNew York :
_bPrentice- Hall international,
_c1991
300 _a1275p. ;
_c15 cm.
_bill :
504 _aIncludes bibliographical references and index.
650 1 2 _aDiagnosis
_vProblems and Exercises.
_910472
650 1 2 _aTherapeutics
_vProblems and Exercises.
_910473
700 1 _aSchroeder, Steven A...[etal]
_910474
730 0 _aCurrent medical diagnosis & treatment.
_910475
906 _a7
_bcbc
_corignew
_d1
_eecip
_f20
_gy-gencatlg
942 _2z
_cO_SHELF
999 _c4875
_d4875